| 000 | 004750000a22001810004500 | ||
|---|---|---|---|
| 003 | MACL | ||
| 005 | 20160202113048.0 | ||
| 008 | 160202b xxu||||| |||| 00| 0 eng d | ||
| 040 |
_aMACL _cMACL |
||
| 041 | _aHindi | ||
| 082 | _a910 | ||
| 100 |
_aNCRT _936414 |
||
| 245 | _aभौतिक भूगोल के मूल सिद्धांत | ||
| 260 |
_bNCRT _c2006 _aनोयडा |
||
| 350 | _a50 | ||
| 650 |
_aभूगोल _936415 |
||
| 942 |
_cHIN _k910 _2ddc |
||
| 999 |
_c45538 _d45538 |
||